More Secret Identities Quiz Stats

 Plays Quiz Updated Oct 16, 2018

Score 0/14 Timer 05:00
4 Plays Today
Superhero/Villain Name Alter Ego % Correct
Bruce BannerThe Incredible Hulk
91.2%
Harvey DentTwo-Face
87%
Victor von DoomDoctor Doom
75.1%
Edward NigmaThe Riddler
64.3%
Ben GrimmThing
62.9%
Johnny BlazeGhost Rider
48.1%
Bobby DrakeIceman
45.6%
Superhero/Villain Name Alter Ego % Correct
Remy Etienne LeBeauGambit
45.3%
J'onn J'onzzMartian Manhunter
35.3%
Piotr RasputinColossus
31.5%
Norrin RaddThe Silver Surfer
27%
Cain MarkoJuggernaut
26.8%
Al SimmonsSpawn
17.5%
Anung Un RamaHellboy
11.8%

You're not logged in!

Compare scores with friends on all Sporcle quizzes.
OR
Log In

Sporcle TV

Today on Sporcle TV


Watch our educational content, quiz creation guides, and fun videos on Sporcle TV.

Show Comments

Extras

Top Quizzes Today


Score Distribution

Your Account Isn't Verified!

In order to create a playlist on Sporcle, you need to verify the email address you used during registration. Go to your Sporcle Settings to finish the process.

Report this User

Report this user for behavior that violates our Community Guidelines.

Details: